000 00681nam a2200181Ia 4500
008 090630s9999 xx 000 0 und d
082 _b13135
100 _aघाणेकर प्र. के.
245 _aमैत्री सागर दुर्गाची.
_cघाणेकर प्र. के.
260 _bस्नेहल - पुणे 4.
_c1993
300 _a72
600 _aघाणेकर प्र. के.
630 _aमैत्री सागर दुर्गाची.
655 _aइतर.
700 _aघाणेकर प्र. के.
730 _aमैत्री सागर दुर्गाची.
942 _cBOOK
999 _c264991
_d264991